000 00419pab a2200157 454500
008 180718b2004 xxu||||| |||| 00| 0 eng d
100 _aJyoti
245 _aWorkers' proneness to strikes: an application of discriminant analysis
260 _c2004
300 _ap.39-57.
362 _aJul
650 _aRight to Strike
700 _aSidhu, A.S.
773 _aIndian Journal of Industrial Relations
909 _a62734
999 _c62734
_d62734